[Event "Bayern-chTT (RL Sued-West)"]
[Site "Bayern 2008/09"]
[Date "2009.03.15"]
[Round "8.2"]
[White "Rogg, Gerhard"]
[Black "Dengler, Peter"]
[Result "1/2-1/2"]
[WhiteElo "2046"]
[BlackElo "2246"]
[PlyCount "109"]
[EventDate "2009.03.??"]
[EventType "team-tourn"]
[EventRounds "9"]
[WhiteTeam "Sonthofen 1"]
[BlackTeam "Unterhaching 1"]

1. e4 c5 2. c3 d5 3. exd5 Qxd5 4. d4 Nc6 5. Nf3 Bg4 6. Be2 Nf6 7. dxc5 e5 8.
Qxd5 Nxd5 9. h3 Bf5 10. Bc4 O-O-O 11. Bxd5 Rxd5 12. b4 Bd3 13. Bb2 Be7 14. Nbd2
e4 15. Nd4 Bh4 16. g3 Bg5 17. Nf1 Nxd4 18. cxd4 Bxf1 19. Rxf1 Bf6 20. Ke2 Bxd4
21. Rad1 Rhd8 22. Bxd4 Rxd4 23. Rxd4 Rxd4 24. Rb1 f5 25. Rb3 Kc7 26. Ke3 Rc4
27. Kf4 g6 28. a3 Kc6 29. g4 fxg4 30. hxg4 e3+ 31. Kxe3 Rxg4 32. Rd3 h5 33.
Rd6+ Kc7 34. Rf6 g5 35. Rf7+ Kc6 36. Rf6+ Kb5 37. Rf7 Ka6 38. Rh7 h4 39. f3 Rg2
40. f4 Rg3+ 41. Kd2 gxf4 42. Rxh4 Rxa3 43. Rxf4 Kb5 44. Rf7 b6 45. cxb6 axb6
46. Kc2 Ka4 47. Kb2 Rb3+ 48. Ka2 Re3 49. Rf2 b5 50. Kb2 Rb3+ 51. Ka2 Rxb4 52.
Rh2 Rg4 53. Kb2 Rg3 54. Rf2 b4 55. Rh2 1/2-1/2

[Event "Bayern-chTT (RL Sued-West)"]
[Site "Bayern 2008/09"]
[Date "2009.03.15"]
[Round "8.3"]
[White "Schmidt, Gerhard(40)"]
[Black "Schweier, Lorenz"]
[Result "1-0"]
[WhiteElo "2171"]
[BlackElo "1998"]
[PlyCount "89"]
[EventDate "2009.03.??"]
[EventType "team-tourn"]
[EventRounds "9"]
[WhiteTeam "Unterhaching 1"]
[BlackTeam "Sonthofen 1"]

1. d4 Nf6 2. Nf3 d6 3. c4 c6 4. Nc3 Bg4 5. e4 e5 6. dxe5 Bxf3 7. gxf3 dxe5 8.
Qxd8+ Kxd8 9. Rg1 h6 10. Be3 Nfd7 11. O-O-O g5 12. h4 f6 13. Bh3 Kc7 14. Rh1
Bb4 15. Kc2 a5 16. Bf5 Bc5 17. Bxd7 Bxe3 18. Bxc6 Bxf2 19. Bb5 Nc6 20. Nd5+ Kd6
21. Bxc6 Kxc6 22. Nxf6 Bxh4 23. Ng4 Rad8 24. Rd5 Bg3 25. Rxh6+ Rxh6 26. Nxh6
Rh8 27. Ng4 Rh3 28. Rxa5 Kd6 29. Rd5+ Ke6 30. Rb5 Bf4 31. Rb6+ Kd7 32. Rxb7+
Kc6 33. Rb3 Kc5 34. Rc3 Rh1 35. Kb3 Rf1 36. Rd3 Kc6 37. a4 Rb1 38. a5 Kb7 39.
Rd5 Rf1 40. Nxe5 Bxe5 41. Rxe5 Rxf3+ 42. Kb4 g4 43. Rg5 g3 44. Ka4 Re3 45. b3
1-0

[Event "Bayern-chTT (RL Sued-West)"]
[Site "Bayern 2008/09"]
[Date "2009.03.15"]
[Round "8.4"]
[White "Oberhofer, Max"]
[Black "Urankar, Hans-Peter"]
[Result "1/2-1/2"]
[WhiteElo "1996"]
[BlackElo "2180"]
[PlyCount "36"]
[EventDate "2009.03.??"]
[EventType "team-tourn"]
[EventRounds "9"]
[WhiteTeam "Sonthofen 1"]
[BlackTeam "Unterhaching 1"]

1. g3 g6 2. Bg2 Bg7 3. c4 d6 4. d4 Nf6 5. Nf3 O-O 6. Nc3 Nbd7 7. O-O e5 8. dxe5
dxe5 9. Qc2 Re8 10. Rd1 c6 11. e4 Qc7 12. h3 b6 13. Be3 Bb7 14. Rac1 Bf8 15.
Qe2 Rad8 16. Ne1 Nc5 17. b4 Ne6 18. Nd3 c5 1/2-1/2

[Event "Bayern-chTT (RL Sued-West)"]
[Site "Bayern 2008/09"]
[Date "2009.03.15"]
[Round "8.5"]
[White "Broschwitz, Martin"]
[Black "Hopfauf, Fridolin"]
[Result "1/2-1/2"]
[WhiteElo "2086"]
[BlackElo "2075"]
[PlyCount "45"]
[EventDate "2009.03.??"]
[EventType "team-tourn"]
[EventRounds "9"]
[WhiteTeam "Unterhaching 1"]
[BlackTeam "Sonthofen 1"]

1. d4 Nf6 2. Nf3 g6 3. c4 Bg7 4. Nc3 O-O 5. g3 d6 6. Bg2 Nc6 7. O-O e5 8. h3
Re8 9. dxe5 Nxe5 10. Nxe5 Rxe5 11. Bf4 Re8 12. Qd2 Nd7 13. Rad1 Nc5 14. Rfe1
Bf5 15. b4 Ne4 16. Nxe4 Bxe4 17. Be3 Qe7 18. Bd4 Bxg2 19. Kxg2 Qe4+ 20. f3 Qxd4
21. Qxd4 Bxd4 22. Rxd4 a5 23. b5 1/2-1/2

[Event "Bayern-chTT (RL Sued-West)"]
[Site "Bayern 2008/09"]
[Date "2009.03.15"]
[Round "8.6"]
[White "Kuhnert, Josef"]
[Black "Czap, Bernard"]
[Result "0-1"]
[WhiteElo "1963"]
[BlackElo "2094"]
[PlyCount "99"]
[EventDate "2009.03.??"]
[EventType "team-tourn"]
[EventRounds "9"]
[WhiteTeam "Sonthofen 1"]
[BlackTeam "Unterhaching 1"]

1. d4 d5 2. c4 c6 3. Nf3 Nf6 4. Nc3 a6 5. c5 Bg4 6. Ne5 Bf5 7. Qb3 Ra7 8. Bd2
g6 9. e3 Bg7 10. Be2 O-O 11. O-O Nbd7 12. Nxd7 Nxd7 13. f4 Nf6 14. Rac1 Ne4 15.
Nxe4 Bxe4 16. Bd3 Bxd3 17. Qxd3 e6 18. Rc3 Ra8 19. Rb3 Rb8 20. Rb6 Qd7 21. Be1
Rbe8 22. Bh4 f6 23. Qb3 Rf7 24. h3 Ref8 25. Qc2 Bh6 26. Rb3 e5 27. f5 Rg7 28.
fxg6 Rxg6 29. Qf5 Qg7 30. Rf2 e4 31. g4 Qf7 32. Kf1 Bg5 33. Bg3 Rh6 34. Kg2 Kg7
35. Bf4 Bxf4 36. Qxf4 Rg6 37. Kh1 Qe7 38. Rc3 Rh8 39. Rg2 h5 40. Rcc2 hxg4 41.
Rxg4 Rh5 42. h4 Rhh6 43. Rcg2 Qf7 44. Qf5 Rxg4 45. Rxg4+ Rg6 46. Rf4 Qe7 47. h5
Rg5 48. h6+ Kg8 49. Qc8+ Kh7 50. Qf5+ 0-1

[Event "Bayern-chTT (RL Sued-West)"]
[Site "Bayern 2008/09"]
[Date "2009.03.15"]
[Round "8.7"]
[White "Lausmann, Mike"]
[Black "Maugg, Ludwig"]
[Result "0-1"]
[WhiteElo "1880"]
[BlackElo "1956"]
[PlyCount "80"]
[EventDate "2009.03.??"]
[EventType "team-tourn"]
[EventRounds "9"]
[WhiteTeam "Unterhaching 1"]
[BlackTeam "Sonthofen 1"]

1. d4 Nf6 2. Nf3 g6 3. e3 Bg7 4. Bd3 d6 5. O-O Nbd7 6. c4 O-O 7. Nc3 e5 8. Qc2
Re8 9. Rd1 Qe7 10. Nd2 c6 11. Rb1 Nf8 12. dxe5 dxe5 13. b4 Be6 14. a3 Rad8 15.
Bb2 Bg4 16. Be2 Bf5 17. e4 Bc8 18. Nb3 Ne6 19. c5 Nd4 20. Nxd4 exd4 21. Na2
Nxe4 22. Bd3 Ng5 23. Qa4 a6 24. Qc2 Ne6 25. Nc1 Nf4 26. Kf1 Bg4 27. f3 Nd5 28.
Qe2 Ne3+ 29. Ke1 Nxg2+ 30. Kf2 Qh4+ 31. Kxg2 Rxe2+ 32. Bxe2 Bf5 33. Nd3 Re8 34.
Bf1 Qh3+ 35. Kh1 Qxf3+ 36. Bg2 Qg4 37. Nf2 Qh4 38. Kg1 Be5 39. h3 Qg3 40. Rbc1
Bf4 0-1

[Event "Bayern-chTT (RL Sued-West)"]
[Site "Bayern 2008/09"]
[Date "2009.03.15"]
[Round "8.8"]
[White "Froehlich, Rainer(37)"]
[Black "Dervisevic, Ramiz"]
[Result "0-1"]
[WhiteElo "1912"]
[BlackElo "1836"]
[PlyCount "82"]
[EventDate "2009.03.??"]
[EventType "team-tourn"]
[EventRounds "9"]
[WhiteTeam "Sonthofen 1"]
[BlackTeam "Unterhaching 1"]

1. Nf3 d5 2. d4 e6 3. c4 Nf6 4. Nc3 Nbd7 5. Bg5 Bb4 6. Qb3 c5 7. dxc5 Qa5 8.
Bd2 Nxc5 9. Qc2 dxc4 10. e3 Nb3 11. Rd1 Nxd2 12. Nxd2 Bxc3 13. bxc3 b5 14. Be2
Bb7 15. O-O O-O 16. Rb1 Bc6 17. Bf3 Qc7 18. Bxc6 Qxc6 19. Nf3 a6 20. a4 Rfb8
21. Nd4 Qc5 22. axb5 e5 23. Qf5 Rc8 24. Nf3 axb5 25. Ra1 Rab8 26. Ra5 e4 27.
Nd4 Qxf5 28. Nxf5 Nd5 29. Nd6 Nxc3 30. Nxc8 Rxc8 31. Rfa1 Kf8 32. Ra8 Rxa8 33.
Rxa8+ Ke7 34. Kf1 Kd6 35. Ke1 Kc5 36. Kd2 Kb4 37. Rd8 Kb3 38. Rb8 b4 39. Re8
Na2 40. Rc8 c3+ 41. Kd1 Kb2 0-1

[Event "Bayern-chTT (RL Sued-West)"]
[Site "Bayern 2008/09"]
[Date "2009.03.29"]
[Round "9.1"]
[White "Schreiner, Richard"]
[Black "Dengler, Peter"]
[Result "1-0"]
[WhiteElo "2096"]
[BlackElo "2246"]
[PlyCount "99"]
[EventDate "2009.03.??"]
[EventType "team-tourn"]
[EventRounds "9"]
[WhiteTeam "Garching 2"]
[BlackTeam "Unterhaching 1"]

1. d4 Nf6 2. g3 g6 3. Bg2 Bg7 4. Nf3 O-O 5. O-O d6 6. c4 Nc6 7. Nc3 a6 8. Re1
Rb8 9. b3 b5 10. e3 Bd7 11. Qe2 b4 12. Nb1 e5 13. Bb2 e4 14. Ng5 Bf5 15. Nd2
Qe7 16. f3 exf3 17. Qxf3 Bd7 18. Nge4 Rfe8 19. Nxf6+ Bxf6 20. Qf2 Bg7 21. Rac1
Nd8 22. Ne4 f5 23. Nd2 Ne6 24. e4 Qf7 25. exf5 gxf5 26. Nf3 Qh5 27. h3 Ng5 28.
Nxg5 Qxg5 29. Rcd1 a5 30. Kh2 a4 31. bxa4 Bxa4 32. Rxe8+ Rxe8 33. Re1 Rxe1 34.
Qxe1 f4 35. g4 Bd7 36. Qe4 h5 37. Bc1 hxg4 38. Bxf4 Qf6 39. Be3 gxh3 40. Bf3
Bf5 41. Qe8+ Bf8 42. Bd5+ Kg7 43. Qh5 Be6 44. Be4 Bg8 45. Qg4+ Kh8 46. Qxh3+
Kg7 47. Qg3+ Kh8 48. Bg5 Qe6 49. Qf4 Kg7 50. d5 1-0

[Event "Bayern-chTT (RL Sued-West)"]
[Site "Bayern 2008/09"]
[Date "2009.03.29"]
[Round "9.2"]
[White "Schmidt, Gerhard(40)"]
[Black "Englert, Jan"]
[Result "1/2-1/2"]
[WhiteElo "2171"]
[BlackElo "2071"]
[PlyCount "100"]
[EventDate "2009.03.??"]
[EventType "team-tourn"]
[EventRounds "9"]
[WhiteTeam "Unterhaching 1"]
[BlackTeam "Garching 2"]

1. d4 d6 2. Nf3 Bg4 3. e4 Nd7 4. Be2 Ngf6 5. Nc3 c6 6. a4 g6 7. O-O Bg7 8. e5
dxe5 9. dxe5 Ng8 10. e6 Bxe6 11. Ng5 Nf8 12. Qxd8+ Rxd8 13. Be3 Ra8 14. a5 a6
15. Ra4 Bc8 16. Bc4 Nh6 17. Re1 Nd7 18. Bc1 e6 19. Nxe6 fxe6 20. Bxe6 Nc5 21.
Bxc8+ Kd8 22. Rh4 Bf6 23. Rxh6 Rxc8 24. Rh3 Rc7 25. Be3 Re7 26. Kf1 Rhe8 27.
Rf3 Bxc3 28. bxc3 Ne4 29. Bb6+ Kc8 30. Rfe3 Nd2+ 31. Ke2 Nc4 32. Rxe7 Rxe7+ 33.
Be3 Nxe3 34. fxe3 Re5 35. Rf1 Rxa5 36. Rf8+ Kc7 37. Rf7+ Kb6 38. Rxh7 Rg5 39.
g3 a5 40. Rh8 Rc5 41. Kd3 Rd5+ 42. Ke2 Rc5 43. h4 a4 44. Ra8 Rc4 45. Kd3 Rg4
46. c4 Kc5 47. Rxa4 b5 48. Ra8 bxc4+ 49. Kc3 Rxg3 50. Ra5+ Kd6 1/2-1/2

[Event "Bayern-chTT (RL Sued-West)"]
[Site "Bayern 2008/09"]
[Date "2009.03.29"]
[Round "9.3"]
[White "Rusche, Johannes"]
[Black "Urankar, Hans-Peter"]
[Result "1/2-1/2"]
[WhiteElo "2036"]
[BlackElo "2180"]
[PlyCount "29"]
[EventDate "2009.03.??"]
[EventType "team-tourn"]
[EventRounds "9"]
[WhiteTeam "Garching 2"]
[BlackTeam "Unterhaching 1"]

1. e4 e6 2. d4 d5 3. Bd3 dxe4 4. Bxe4 Nf6 5. Bf3 c5 6. c3 Nc6 7. Ne2 Be7 8. O-O
O-O 9. Bf4 cxd4 10. cxd4 Qd7 11. Nbc3 Rd8 12. Nb5 Ne8 13. Qa4 Bf6 14. Rfd1 Qe7
15. Nec3 1/2-1/2

[Event "Bayern-chTT (RL Sued-West)"]
[Site "Bayern 2008/09"]
[Date "2009.03.29"]
[Round "9.4"]
[White "Brosig, Boris"]
[Black "Wittke, Volker"]
[Result "1/2-1/2"]
[WhiteElo "2132"]
[BlackElo "2084"]
[PlyCount "57"]
[EventDate "2009.03.??"]
[EventType "team-tourn"]
[EventRounds "9"]
[WhiteTeam "Unterhaching 1"]
[BlackTeam "Garching 2"]

1. e4 c5 2. Nf3 d6 3. d4 cxd4 4. Nxd4 Nf6 5. Nc3 Nc6 6. Be2 e5 7. Nb3 a6 8. Be3
Be6 9. O-O Be7 10. Nd5 Bxd5 11. exd5 Nb8 12. f4 exf4 13. Rxf4 O-O 14. c4 Nbd7
15. Nd4 Re8 16. Nf5 Bf8 17. Rf3 Ne5 18. Rh3 Qd7 19. Qf1 Neg4 20. Bd4 Rxe2 21.
Qxe2 Qxf5 22. Rf1 Qe4 23. Qd2 Ne5 24. b3 Nfd7 25. Rf4 Qb1+ 26. Rf1 Qe4 27. Rf4
Qb1+ 28. Rf1 Qe4 29. Rf4 1/2-1/2

[Event "Bayern-chTT (RL Sued-West)"]
[Site "Bayern 2008/09"]
[Date "2009.03.29"]
[Round "9.5"]
[White "Mueller, Marcus(63)"]
[Black "Broschwitz, Martin"]
[Result "1/2-1/2"]
[WhiteElo "2132"]
[BlackElo "2086"]
[PlyCount "21"]
[EventDate "2009.03.??"]
[EventType "team-tourn"]
[EventRounds "9"]
[WhiteTeam "Garching 2"]
[BlackTeam "Unterhaching 1"]

1. Nf3 Nf6 2. c4 g6 3. Nc3 d5 4. d4 Bg7 5. g3 O-O 6. Bg2 c6 7. cxd5 cxd5 8. O-O
Nc6 9. Ne5 Bf5 10. Qa4 Bd7 11. Nxd7 1/2-1/2

[Event "Bayern-chTT (RL Sued-West)"]
[Site "Bayern 2008/09"]
[Date "2009.03.29"]
[Round "9.6"]
[White "Czap, Bernard"]
[Black "Lutz, Gerhard(65)"]
[Result "0-1"]
[WhiteElo "2094"]
[BlackElo "2084"]
[PlyCount "108"]
[EventDate "2009.03.??"]
[EventType "team-tourn"]
[EventRounds "9"]
[WhiteTeam "Unterhaching 1"]
[BlackTeam "Garching 2"]

1. e4 g6 2. d4 Nf6 3. Nc3 d5 4. e5 Nh5 5. Be3 Ng7 6. Bh6 Nf5 7. Bxf8 Kxf8 8.
Nf3 h5 9. Bd3 c6 10. Qd2 Ng7 11. h3 Bf5 12. Be2 Nd7 13. O-O-O b5 14. g4 Be6 15.
Ng5 Nb6 16. gxh5 gxh5 17. Bd3 Nc4 18. Qf4 Ke8 19. Rdg1 Qa5 20. Bxc4 dxc4 21.
Nxe6 Nxe6 22. Qe4 Rc8 23. Rg3 b4 24. Nb1 Qd5 25. Qxd5 cxd5 26. Rd1 Kf8 27. a3
a5 28. c3 Nf4 29. Rd2 b3 30. a4 Rg8 31. Na3 Rc6 32. Nb5 Rcg6 33. Nc7 e6 34. Na6
Rxg3 35. fxg3 Rxg3 36. Rd1 Nd3+ 37. Kb1 Rg2 38. Nc5 Rxb2+ 39. Ka1 Ra2+ 40. Kb1
Nxc5 41. dxc5 Rg2 42. Rf1 Ke7 43. c6 Rg7 44. Rf6 Rh7 45. Rf3 h4 46. Rf4 Kd8 47.
Rg4 Kc7 48. Rg8 Kxc6 49. Ra8 Rh5 50. Rxa5 Rxe5 51. Ra7 f5 52. Rh7 f4 53. Rxh4
f3 54. Rf4 Rf5 0-1

[Event "Bayern-chTT (RL Sued-West)"]
[Site "Bayern 2008/09"]
[Date "2009.03.29"]
[Round "9.7"]
[White "Weinberger, Wolfgang"]
[Black "Demir, Bilal"]
[Result "1-0"]
[WhiteElo "2039"]
[BlackElo "2083"]
[PlyCount "81"]
[EventDate "2009.03.??"]
[EventType "team-tourn"]
[EventRounds "9"]
[WhiteTeam "Garching 2"]
[BlackTeam "Unterhaching 1"]

1. Nf3 d5 2. e3 Nf6 3. b3 Bg4 4. Be2 e6 5. Bb2 Bd6 6. O-O O-O 7. c4 Nbd7 8. Nc3
c6 9. d4 Qe7 10. Rc1 Rad8 11. Nd2 Bf5 12. c5 Bb8 13. f4 Ne8 14. b4 f6 15. Nb3
b6 16. b5 cxb5 17. c6 a6 18. cxd7 Qxd7 19. Ba3 Bd6 20. Bxd6 Nxd6 21. Bd3 Bxd3
22. Qxd3 b4 23. Nd1 a5 24. Nd2 b5 25. Rf2 f5 26. Nb1 Nc4 27. Qb3 Rb8 28. Re2
Qd6 29. Nf2 h6 30. Nd3 Kh7 31. Nc5 Rf7 32. a3 bxa3 33. Nxa3 Qb6 34. Rb1 Nd6 35.
Nxe6 b4 36. Nc5 Qc6 37. Nc2 Ra7 38. Na4 Ne4 39. Ne1 Qf6 40. Nd3 Re8 41. Qxd5
1-0

[Event "Bayern-chTT (RL Sued-West)"]
[Site "Bayern 2008/09"]
[Date "2009.03.29"]
[Round "9.8"]
[White "Dervisevic, Ramiz"]
[Black "Tunka, Philipp"]
[Result "1/2-1/2"]
[WhiteElo "1836"]
[BlackElo "1970"]
[PlyCount "96"]
[EventDate "2009.03.??"]
[EventType "team-tourn"]
[EventRounds "9"]
[WhiteTeam "Unterhaching 1"]
[BlackTeam "Garching 2"]

1. d4 Nf6 2. Nf3 e6 3. Bg5 d5 4. c3 Nbd7 5. e3 Be7 6. Bd3 b6 7. O-O Bb7 8. Nbd2
O-O 9. Qe2 c5 10. e4 cxd4 11. cxd4 Nxe4 12. Bxe7 Qxe7 13. Nxe4 dxe4 14. Bxe4
Bxe4 15. Qxe4 Nf6 16. Qe2 Qb7 17. Rac1 Rac8 18. Qd2 Nd5 19. Rxc8 Rxc8 20. Rc1
Rd8 21. a3 f6 22. Qc2 Qd7 23. Qc6 Qxc6 24. Rxc6 Kf7 25. Kf1 g5 26. Ne1 Ke7 27.
Nc2 Kd7 28. Rc4 h5 29. g3 Kd6 30. b4 a6 31. a4 Nc7 32. Ke2 Rd7 33. Ne3 b5 34.
Rc5 bxa4 35. Ra5 Nb5 36. Rxa6+ Ke7 37. Nc2 Nxd4+ 38. Nxd4 Rxd4 39. Rxa4 Kd6 40.
Ke3 Rd1 41. Kf3 Kd5 42. Ra8 Rd3+ 43. Ke2 Rb3 44. Rh8 Ke4 45. Rxh5 Rb2+ 46. Ke1
Kd3 47. Kf1 Ke4 48. Kg2 Rxb4 1/2-1/2

[Event "Bayern-chTT (RL Sued-West)"]
[Site "Bayern 2008/09"]
[Date "2009.03.29"]
[Round "9.1"]
[White "Rogg, Gerhard"]
[Black "Fauth, Dietmar Dr"]
[Result "1-0"]
[WhiteElo "2046"]
[BlackElo "2170"]
[PlyCount "91"]
[EventDate "2009.03.??"]
[EventType "team-tourn"]
[EventRounds "9"]
[WhiteTeam "Sonthofen 1"]
[BlackTeam "München-Siemens 1"]

1. d4 Nf6 2. c4 e6 3. Nc3 Bb4 4. e3 b6 5. a3 Bxc3+ 6. bxc3 Bb7 7. Nf3 O-O 8.
Bd3 Ne4 9. Qc2 f5 10. O-O d6 11. Ne1 Qh4 12. f3 Nf6 13. d5 exd5 14. g3 Qh5 15.
Bxf5 dxc4 16. Be6+ Kh8 17. Bxc4 Nbd7 18. Be2 Rae8 19. Ra2 Ne5 20. e4 Qf7 21.
Nd3 Ned7 22. Rb2 d5 23. exd5 Nxd5 24. c4 N5f6 25. Bf4 Nc5 26. Be3 Nfd7 27. Bd4
Re7 28. Nf4 Ne6 29. Be3 Nxf4 30. Bxf4 Rfe8 31. Bd3 Nc5 32. Qb1 Qh5 33. Rbf2 Ne6
34. Bd2 Nd4 35. Be4 Bxe4 36. fxe4 Kg8 37. Qd3 c5 38. Bc3 Qe5 39. Rf4 Rd7 40.
Rf5 Qe6 41. Bxd4 Rxd4 42. Qf3 h6 43. e5 Rxc4 44. Rf7 Qxe5 45. Rxa7 Rc2 46. Qb3+
1-0

[Event "Bayern-chTT (RL Sued-West)"]
[Site "Bayern 2008/09"]
[Date "2009.03.29"]
[Round "9.2"]
[White "Ruether, Rudolf"]
[Black "Schweier, Lorenz"]
[Result "1-0"]
[WhiteElo "2105"]
[BlackElo "1998"]
[PlyCount "87"]
[EventDate "2009.03.??"]
[EventType "team-tourn"]
[EventRounds "9"]
[WhiteTeam "München-Siemens 1"]
[BlackTeam "Sonthofen 1"]

1. d4 Nf6 2. c4 d6 3. Nc3 e5 4. d5 Be7 5. e4 O-O 6. Bd3 a5 7. Nge2 Na6 8. O-O
Bd7 9. Rb1 Nc5 10. Bc2 Ne8 11. b3 g6 12. a3 Ng7 13. b4 axb4 14. axb4 Na6 15. f4
exf4 16. Bxf4 Bg5 17. Qd4 Nh5 18. Be3 Bg4 19. Nf4 Bf6 20. Qd2 Ng7 21. Nd3 Ne8
22. Bh6 Ng7 23. Kh1 Nb8 24. Rbe1 Bh4 25. g3 Be7 26. Kg2 Qc8 27. Nf2 Bd7 28. Kh1
Ra3 29. Ne2 Bh3 30. Nxh3 Qxh3 31. Bb1 Nd7 32. Bxg7 Kxg7 33. Qb2+ Ne5 34. Nf4
Qh6 35. Qxa3 g5 36. Nd3 Ng4 37. Qa2 Ra8 38. Qg2 Bf6 39. Nf2 Ne5 40. c5 Ra3 41.
cxd6 cxd6 42. Qh3 g4 43. Qxh6+ Kxh6 44. Kg2 1-0

[Event "Bayern-chTT (RL Sued-West)"]
[Site "Bayern 2008/09"]
[Date "2009.03.29"]
[Round "9.3"]
[White "Oberhofer, Max"]
[Black "Boehm, Uwe(56)"]
[Result "1/2-1/2"]
[WhiteElo "1996"]
[BlackElo "2078"]
[PlyCount "93"]
[EventDate "2009.03.??"]
[EventType "team-tourn"]
[EventRounds "9"]
[WhiteTeam "Sonthofen 1"]
[BlackTeam "München-Siemens 1"]

1. d4 d5 2. Nf3 Nf6 3. c4 c6 4. Qc2 dxc4 5. Qxc4 Bf5 6. Nc3 e6 7. Bg5 Be7 8. e3
Nbd7 9. Be2 h6 10. Bh4 O-O 11. a3 a5 12. O-O a4 13. Rac1 Nb6 14. Qa2 Re8 15.
Rfd1 Nfd7 16. Bg3 Bf8 17. Rd2 Nd5 18. Ne5 Nxe5 19. Bxe5 Qa5 20. Rdd1 Rec8 21.
Bf3 Bg6 22. Ne4 Bxe4 23. Bxe4 Be7 24. h3 Nf6 25. Bf3 Nd5 26. Qb1 Qb5 27. Qc2
Ra5 28. e4 Nf6 29. Bf4 Raa8 30. Be2 Qb6 31. Be3 Qa5 32. Bd2 Qb6 33. Bc3 Rd8 34.
Bc4 Qc7 35. Qe2 Qf4 36. Bd3 Qh4 37. Bb1 Qh5 38. Qc2 Qg6 39. Qe2 Qh5 40. Qd3 Nh7
41. Qg3 Bg5 42. f4 Bf6 43. e5 Be7 44. Be4 f5 45. Bb1 Nf8 46. Ba2 Rd7 47. Rd2
1/2-1/2

[Event "Bayern-chTT (RL Sued-West)"]
[Site "Bayern 2008/09"]
[Date "2009.03.29"]
[Round "9.4"]
[White "Markl, Martin"]
[Black "Hopfauf, Fridolin"]
[Result "1-0"]
[WhiteElo "2052"]
[BlackElo "2075"]
[PlyCount "41"]
[EventDate "2009.03.??"]
[EventType "team-tourn"]
[EventRounds "9"]
[WhiteTeam "München-Siemens 1"]
[BlackTeam "Sonthofen 1"]

1. d4 Nf6 2. c4 g6 3. Nc3 Bg7 4. e4 O-O 5. f3 d6 6. Be3 e5 7. Nge2 Nc6 8. d5
Na5 9. Ng3 c5 10. Bd3 Bd7 11. O-O a6 12. Qe2 Rc8 13. b3 Rb8 14. Rfb1 Ne8 15. b4
cxb4 16. Rxb4 b6 17. Rab1 Qc8 18. Bxb6 Rxb6 19. Rxb6 Bf6 20. R6b4 Bd8 21. Na4
1-0

[Event "Bayern-chTT (RL Sued-West)"]
[Site "Bayern 2008/09"]
[Date "2009.03.29"]
[Round "9.5"]
[White "Kuhnert, Josef"]
[Black "Joerg, Harald Dr"]
[Result "1-0"]
[WhiteElo "1963"]
[BlackElo "2167"]
[PlyCount "71"]
[EventDate "2009.03.??"]
[EventType "team-tourn"]
[EventRounds "9"]
[WhiteTeam "Sonthofen 1"]
[BlackTeam "München-Siemens 1"]

1. d4 f5 2. g3 Nf6 3. Bg2 g6 4. Nf3 Bg7 5. O-O O-O 6. c4 d6 7. Nc3 Qe8 8. Re1
Qf7 9. b3 Ne4 10. Bb2 Nc6 11. Rc1 Nxc3 12. Bxc3 e5 13. dxe5 dxe5 14. Qd5 h6 15.
Nxe5 Nxe5 16. Bxe5 Be6 17. Qc5 Bxe5 18. Qxe5 c6 19. Rcd1 Rae8 20. Qd4 a6 21. e3
Qe7 22. Qf4 Kh7 23. Rd6 Qf6 24. Red1 Rf7 25. Bf3 Qb2 26. R1d2 Qc3 27. Qd4 Qa5
28. c5 Qc7 29. Be2 Qe7 30. Bc4 Bxc4 31. Qxc4 Kg7 32. R2d4 Qe5 33. h4 g5 34. h5
Rf6 35. Rxf6 Qxf6 36. Rd6 1-0

[Event "Bayern-chTT (RL Sued-West)"]
[Site "Bayern 2008/09"]
[Date "2009.03.29"]
[Round "9.6"]
[White "Haizmann, Thomas"]
[Black "Maugg, Ludwig"]
[Result "1/2-1/2"]
[WhiteElo "2125"]
[BlackElo "1956"]
[PlyCount "80"]
[EventDate "2009.03.??"]
[EventType "team-tourn"]
[EventRounds "9"]
[WhiteTeam "München-Siemens 1"]
[BlackTeam "Sonthofen 1"]

1. d4 Nf6 2. c4 c5 3. Nf3 cxd4 4. Nxd4 e5 5. Nb5 d5 6. cxd5 Bc5 7. e3 O-O 8.
N5c3 Qe7 9. Be2 e4 10. Nd2 Rd8 11. Qa4 Bf5 12. g4 Bxg4 13. Ndxe4 Bxe2 14. Nxf6+
Qxf6 15. Kxe2 Nd7 16. Bd2 Nb6 17. Qe4 Re8 18. Qf3 Qe5 19. Rad1 Rad8 20. Qg3
Qh5+ 21. Qf3 Qh4 22. b3 Bb4 23. Rhg1 Bf8 24. Rg4 Qe7 25. Bc1 Qc7 26. Bb2 Qc5
27. b4 Qc8 28. Rc1 Qd7 29. Rd1 Rc8 30. Rdd4 Na4 31. Nxa4 Qxa4 32. Rd2 Qxa2 33.
Kf1 Rc4 34. Kg2 Rxg4+ 35. Qxg4 Qa6 36. e4 Qh6 37. Bc3 Bd6 38. h3 f6 39. Rd3 Qg6
40. Qxg6 hxg6 1/2-1/2

[Event "Bayern-chTT (RL Sued-West)"]
[Site "Bayern 2008/09"]
[Date "2009.03.29"]
[Round "9.7"]
[White "Wiechmann, Gernot"]
[Black "Amelang, Thomas"]
[Result "0-1"]
[WhiteElo "1987"]
[BlackElo "2064"]
[PlyCount "82"]
[EventDate "2009.03.??"]
[EventType "team-tourn"]
[EventRounds "9"]
[WhiteTeam "Sonthofen 1"]
[BlackTeam "München-Siemens 1"]

1. e4 g6 2. d4 Bg7 3. c4 c5 4. Nf3 Qb6 5. dxc5 Qxc5 6. Be2 Nf6 7. Nc3 Nc6 8.
O-O O-O 9. Be3 Qa5 10. h3 d6 11. a3 Qc7 12. Rc1 b6 13. Nd2 Bb7 14. f4 Rac8 15.
g4 h6 16. Qe1 Nh7 17. Qf2 Qd7 18. Bd3 e6 19. Nf3 Na5 20. Nb5 Nb3 21. Nxa7 Nxc1
22. Rxc1 Ra8 23. Bxb6 Ba6 24. Nb5 Rfc8 25. Rd1 d5 26. exd5 exd5 27. Be2 Bb7 28.
b3 Nf6 29. Ne5 Qe7 30. Bf3 Ra6 31. cxd5 Nxd5 32. Bxd5 Bxd5 33. Rxd5 Qb7 34. Rc5
Rxc5 35. Qxc5 Qxb6 36. Qxb6 Rxb6 37. a4 Bxe5 38. fxe5 Re6 39. Nd6 Rxe5 40. b4
Rd5 41. Nb5 Rd1+ 0-1

[Event "Bayern-chTT (RL Sued-West)"]
[Site "Bayern 2008/09"]
[Date "2009.03.29"]
[Round "9.8"]
[White "Mattes, Heinz Dr"]
[Black "Froehlich, Rainer(37)"]
[Result "1-0"]
[WhiteElo "1888"]
[BlackElo "1912"]
[PlyCount "39"]
[EventDate "2009.03.??"]
[EventType "team-tourn"]
[EventRounds "9"]
[WhiteTeam "München-Siemens 1"]
[BlackTeam "Sonthofen 1"]

1. d4 Nf6 2. Nf3 d5 3. e3 Bg4 4. c4 e6 5. Qb3 Qc8 6. Ne5 Bf5 7. Nc3 c6 8. Bd2
Bd6 9. Rc1 Bxe5 10. dxe5 dxc4 11. Bxc4 Nfd7 12. e4 Bg6 13. Bxe6 fxe6 14. Qxe6+
Kf8 15. Qd6+ Kg8 16. Nd5 Qe8 17. Ne7+ Qxe7 18. Qxe7 h6 19. e6 Nb6 20. Bc3 1-0

[Event "Bayern-chTT (RL Sued-West)"]
[Site "Bayern 2008/09"]
[Date "2009.03.29"]
[Round "9.1"]
[White "Hennig, Dirk"]
[Black "Rogobete, Nikolas Johann"]
[Result "1-0"]
[WhiteElo "2359"]
[BlackElo "2151"]
[PlyCount "97"]
[EventDate "2009.03.??"]
[EventType "team-tourn"]
[EventRounds "9"]
[WhiteTeam "München-Tarrasch 2"]
[BlackTeam "Türkheim 1"]

1. d4 Nf6 2. Bg5 e6 3. e3 h6 4. Bh4 c5 5. c3 b6 6. Qf3 Nc6 7. Bxf6 Qxf6 8. Qxf6
gxf6 9. g3 d5 10. Nd2 f5 11. Bg2 cxd4 12. exd4 Bb7 13. Ne2 h5 14. Nf3 Be7 15.
h4 Bd6 16. Ng5 Ba6 17. Nh3 Rc8 18. Nef4 Na5 19. O-O-O b5 20. Bf1 Nc4 21. Be2
Rc6 22. a3 O-O 23. Kb1 Rfc8 24. Bxh5 Nxb2 25. Kxb2 Rxc3 26. Ra1 Rc2+ 27. Kb1 e5
28. Nxd5 Bb7 29. Bf3 e4 30. Ne3 R2c3 31. Bd1 Bxa3 32. Ka2 a5 33. Rb1 b4 34. Bb3
a4 35. Bxa4 Ra8 36. Rb3 Rc7 37. Rxa3 bxa3 38. Bb3 Rc3 39. Ng5 Rb8 40. Bxf7+ Kf8
41. Rb1 Rd3 42. Rb4 Rd2+ 43. Ka1 Re2 44. Bc4 Rxf2 45. Ne6+ Ke7 46. Nc5 Rf3 47.
Rb3 Kf6 48. Nxb7 Rxb7 49. Nd5+ 1-0